00924nam a2200193 i 4500001000700000003000900007005001700016007000300033008004100036245015200077260012100229300002900350490006400379650004700443830007200490852002500562999001900587952012400606124841ES-MaACL20230906192516.0t|070423s1931 sp ||||1| spa d00aAbastecimiento de aguas en los pueblos de Cáceres b: notas divulgadoras, auxilios del Estado, préstamos del Instituto Nacional de Previsión. aMadrid : b[s.n.], c1931 (fImprenta y Encuadernación de los Sobrinos de la Sucesora de M. Minuesa de los Ríos) a52 p. : bil. ; c21 cm.1 aPublicaciones del Instituto Nacional de Previsión ; v268 4aAgua-xAbastecimiento-zCáceres.91563630 aPublicaciones del Instituto Nacional de Previsión ; v2689181151 aES-MaACLjC-12629(6) c124841d124841 00104070aATENEOMbATENEOMcSPALd2008-01-17eSCl0oC-12629(6)p1130072r2023-02-23 00:00:00w2023-02-23yMONOGRAFIA